000 00825nab a2200253 u 4500
001 16031
003 HDC
007 cr bn ---aaaaa
008 210220c20091117xx dr|noo 0 a eng d
040 _aHDC
100 _aSolayman, Hanan
_eauthor
_915995
245 0 _aHalal, inclusion or seclusion? / by
_cHanan Solayman
260 _a[No place] :
_b[publisher not identified],
_c2009
336 _atext
_2rdacontent
337 _acomputer
_2rdamedia
338 _aonline resource
_2rdacarrier
650 _aHalal food
_950
650 _ahalal industry
_9144
710 _aHalal Focus
856 _zRequest full-text at [email protected]
942 _2lcc
942 _cNEWS
942 _kNWSO 005626
999 _c13347
_d13347